[Event "Championship Moscow 2019"]
[Site "Moscow]
[Date "2019.03.30"]
[Round "1.13"]
[White "Tsoi, Dmitry"]
[Black "Khmelev, Mikhail"]
[Result "1-0"]
[WhiteElo "2376"]
[BlackElo "1995"]
[PlyCount "99"]
[EventDate "2019.03.30"]

1. c4 e5 2. g3 Nc6 3. Bg2 Bc5 4. Nc3 a5 5. e3 d6 6. Nge2 Nf6 7. d4 Ba7 8. Nb5
O-O 9. h3 Bf5 10. Bxc6 bxc6 11. Nxa7 Rxa7 12. f3 e4 13. f4 h5 14. Kf2 Qd7 15.
Kg2 Rb8 16. Qc2 c5 17. Bd2 a4 18. Bc3 Qe6 19. d5 Qe7 20. Bxf6 Qxf6 21. Nc3 Rb4
22. a3 Rbb7 23. Rab1 Rb3 24. Rhe1 Qe7 25. Nd1 Rab7 26. Nf2 Qd7 27. Re2 Rd3 28.
Rg1 Rbb3 29. Qc1 Qc8 30. Kh2 Qd8 31. Rg2 h4 32. g4 Bh7 33. Re1 Qf6 34. Nxd3
exd3 35. e4 Qd4 36. f5 Qe5+ 37. Kh1 d2 38. Qxd2 Rxh3+ 39. Rh2 Qg3 40. Rg1 Qf3+
41. Qg2 Rxh2+ 42. Kxh2 Qf4+ 43. Kh1 g5 44. Qe2 Kg7 45. Rf1 Qg3 46. Qf3 Qe5 47.
Qc3 Qxc3 48. bxc3 Kf6 49. Kg2 Ke5 50. Kf3 1-0

[Event "Championship Moscow 2019"]
[Site "Moscow]
[Date "2019.03.30"]
[Round "1.14"]
[White "Sekoyan, Vachagan"]
[Black "Savenkov, Konstantin"]
[Result "0-1"]
[WhiteElo "1994"]
[BlackElo "2373"]
[PlyCount "50"]
[EventDate "2019.03.30"]

1. d4 Nf6 2. c4 d6 3. Nc3 e5 4. e3 Nbd7 5. Nf3 g6 6. Be2 Bg7 7. O-O O-O 8. dxe5
dxe5 9. b3 Qe7 10. Nb5 e4 11. Nfd4 Nc5 12. Ba3 Rd8 13. Qc2 Qe5 14. h3 c6 15.
Nc3 Bf8 16. Bc1 Bd6 17. f4 exf3 18. Nxf3 Qg3 19. Kh1 Bf5 20. Qb2 Nfe4 21. Nxe4
Bxe4 22. Kg1 Bxf3 23. Rxf3 Qh2+ 24. Kf2 Ne4+ 25. Ke1 Bb4+ 0-1

[Event "Championship Moscow 2019"]
[Site "Moscow]
[Date "2019.03.30"]
[Round "1.15"]
[White "Makarian, Rudik"]
[Black "Zaitsev, Vitaly"]
[Result "1-0"]
[WhiteElo "2358"]
[BlackElo "1968"]
[PlyCount "105"]
[EventDate "2019.03.30"]

1. Nf3 Nf6 2. c4 e6 3. g3 b6 4. Bg2 Bb7 5. O-O Be7 6. d4 O-O 7. Re1 d5 8. cxd5
exd5 9. Nc3 Nbd7 10. Bf4 c5 11. dxc5 Nxc5 12. Rc1 Nfe4 13. Be5 Nxc3 14. Bxc3
Ne4 15. Bd4 Bb4 16. Rf1 Qe7 17. Ne5 Nd2 18. a3 Bd6 19. Qxd2 Bxe5 20. Qe3 Rfe8
21. Qxe5 Qxe5 22. Bxe5 Rxe5 23. e3 Re7 24. Rfd1 Rd8 25. Rd4 f5 26. Rcd1 Re5 27.
h3 h5 28. g4 hxg4 29. hxg4 g6 30. Kh2 Kg7 31. Kg3 Kf6 32. Rh1 fxg4 33. Rxg4 Bc8
34. Rf4+ Kg7 35. Rc1 Re7 36. Bxd5 Rxd5 37. Rxc8 Rd2 38. Rc6 Rxb2 39. Rg4 Rf7
40. Rgxg6+ Kh7 41. Rh6+ Kg7 42. Rhg6+ Kf8 43. Rgf6 Rxf6 44. Rxf6+ Kg7 45. Rc6
a5 46. e4 Rb3+ 47. Kg4 Rxa3 48. Rxb6 a4 49. f4 Ra1 50. Kf5 a3 51. Rb7+ Kh6 52.
Ra7 a2 53. e5 1-0

[Event "Championship Moscow 2019"]
[Site "Moscow]
[Date "2019.03.30"]
[Round "1.17"]
[White "Gubajdullin, Alexei"]
[Black "Tarasov, Danila"]
[Result "1-0"]
[WhiteElo "2344"]
[BlackElo "1934"]
[PlyCount "63"]
[EventDate "2019.03.30"]

1. d4 d5 2. Bf4 Nf6 3. e3 e6 4. Nd2 Be7 5. Bd3 Nbd7 6. g4 h6 7. h4 c5 8. c3 c4
9. Bc2 b5 10. Qf3 Bb7 11. g5 Ng8 12. Ne2 Qb6 13. a4 Qa6 14. Ng3 b4 15. Nh5 g6
16. Ng7+ Kf8 17. Bxg6 Kxg7 18. gxh6+ Nxh6 19. Bxh6+ Rxh6 20. Qxf7+ Kh8 21. Qxe7
Rxg6 22. Qxd7 Rag8 23. Nf3 bxc3 24. bxc3 Bc6 25. Qc7 R8g7 26. Qb8+ Rg8 27. Qe5+
R6g7 28. Ng5 Qb7 29. Rg1 Re8 30. h5 Kg8 31. h6 Rg6 32. Rg3 1-0

[Event "Championship Moscow 2019"]
[Site "Moscow]
[Date "2019.03.30"]
[Round "1.18"]
[White "Anisimov, Yuri"]
[Black "Galaktionov, Artem"]
[Result "0-1"]
[WhiteElo "1919"]
[BlackElo "2332"]
[PlyCount "96"]
[EventDate "2019.03.30"]

1. d4 Nf6 2. c4 g6 3. Nc3 Bg7 4. e4 d6 5. Be2 Nbd7 6. Be3 O-O 7. g4 e5 8. d5
Ne8 9. Qd2 a5 10. O-O-O Nc5 11. g5 f5 12. gxf6 Nxf6 13. f3 Nh5 14. h4 Nf4 15.
h5 Nxh5 16. Nh3 Ng3 17. Bg5 Bf6 18. Bh6 Nxh1 19. Rxh1 Bxh3 20. Rxh3 Rf7 21. Nd1
Qd7 22. Nf2 Bg7 23. Be3 Nxe4 24. Nxe4 Qxh3 25. Ng5 Qh1+ 26. Kc2 Rf5 27. Ne6 Rc8
28. Qxa5 Qg2 29. Kd3 e4+ 30. fxe4 Re5 31. Qa3 Qxe4+ 32. Kd2 Bh6 33. Bxh6 Qxe2+
34. Kc3 Qf3+ 35. Kb4 Qxa3+ 36. Kxa3 Rxe6 37. dxe6 Re8 38. b4 Rxe6 39. Kb3 Re5
40. a4 g5 41. a5 c6 42. Ka4 Re4 43. Kb3 g4 44. b5 cxb5 45. cxb5 g3 46. a6 bxa6
47. bxa6 Re8 48. a7 g2 0-1

[Event "Championship Moscow 2019"]
[Site "Moscow]
[Date "2019.03.30"]
[Round "1.19"]
[White "Yeritsyan, Aram"]
[Black "Pak, Nikita"]
[Result "1/2-1/2"]
[WhiteElo "2325"]
[BlackElo "1916"]
[PlyCount "100"]
[EventDate "2019.03.30"]

1. e4 c5 2. Nf3 Nc6 3. d4 cxd4 4. Nxd4 Qb6 5. Nb3 Nf6 6. Nc3 e6 7. Be3 Qc7 8.
f4 d6 9. Qf3 Be7 10. O-O-O O-O 11. g4 a6 12. g5 Nd7 13. h4 b5 14. h5 Bb7 15. g6
h6 16. Bh3 f5 17. Qe2 Nd8 18. exf5 b4 19. fxe6 Nf6 20. Nb1 Bxh1 21. Rxh1 Rc8
22. Rd1 Nxh5 23. Rd4 a5 24. c3 Ng3 25. Qb5 Bf6 26. Qd5 Kh8 27. Qf3 a4 28. Qxg3
axb3 29. axb3 Bxd4 30. Bxd4 Nc6 31. Be3 Ne7 32. Qg4 Qa5 33. c4 Qa2 34. Qd1 Qa8
35. Nd2 Nf5 36. Bf2 Qa1+ 37. Nb1 Qa8 38. Qd3 Qh1+ 39. Kc2 Ne7 40. Nd2 Qh2 41.
Bh4 Nxg6 42. Qxg6 Qxh3 43. Be7 Rxf4 44. Bxd6 Rf6 45. Qg1 Rxe6 46. Bxb4 Qf5+ 47.
Kc1 Ra8 48. Ba3 Qd3 49. Qf2 Rae8 50. Kd1 Rg6 1/2-1/2

[Event "Championship Moscow 2019"]
[Site "Moscow]
[Date "2019.03.30"]
[Round "1.20"]
[White "Lupolov, Boris"]
[Black "Obolentseva, Alexandra"]
[Result "0-1"]
[WhiteElo "1907"]
[BlackElo "2324"]
[PlyCount "98"]
[EventDate "2019.03.30"]

1. d4 Nf6 2. c4 g6 3. Nc3 Bg7 4. e4 d6 5. f3 O-O 6. Be3 c5 7. Nge2 Nc6 8. Qd2
b6 9. Rd1 h5 10. d5 Ne5 11. Nc1 e6 12. Bg5 exd5 13. Nxd5 Be6 14. Be2 Bxd5 15.
cxd5 Qd7 16. O-O Rfe8 17. b3 b5 18. Nd3 Nxd3 19. Bxd3 a5 20. Rfe1 a4 21. Qe2
Reb8 22. Bc1 Qb7 23. Bf4 Qb6 24. Kh1 axb3 25. axb3 Ra3 26. Rb1 Qa6 27. Bc1 Ra2
28. Rb2 Ra1 29. Rc2 Nd7 30. Bf4 Rxe1+ 31. Qxe1 Ne5 32. Bxe5 Bxe5 33. Qf1 Qa3
34. Qb1 c4 35. Ra2 Qxb3 36. Qxb3 cxb3 37. Ra3 b2 38. Rb3 b4 39. g3 Bc3 40. Kg2
Ra8 41. Kf2 Ra1 42. h3 Rd1 43. Ke3 Rh1 44. h4 Kf8 45. Kf2 Rh2+ 46. Ke3 Rg2 47.
Bc4 Rxg3 48. Bf1 Rg1 49. Kf2 Rh1 0-1

[Event "Championship Moscow 2019"]
[Site "Moscow]
[Date "2019.03.30"]
[Round "1.21"]
[White "Pesotskiy, Mikhail"]
[Black "Zhuk, Kirill"]
[Result "1-0"]
[WhiteElo "2300"]
[BlackElo "1894"]
[PlyCount "73"]
[EventDate "2019.03.30"]

1. d4 d5 2. c4 e6 3. Nc3 Nf6 4. cxd5 exd5 5. Bg5 Be7 6. e3 c6 7. Qc2 Nbd7 8.
Bd3 O-O 9. Nf3 Re8 10. h3 Nf8 11. Bf4 Bd6 12. Bxd6 Qxd6 13. O-O-O a5 14. Kb1
Bd7 15. g4 a4 16. g5 Ne4 17. Nxe4 dxe4 18. Bxe4 Be6 19. Ne5 a3 20. b3 Ra5 21.
f4 Qb4 22. h4 Bd5 23. h5 Bxe4 24. Qxe4 Qc3 25. Rh2 Rd8 26. Rc1 Qb4 27. g6 fxg6
28. hxg6 h6 29. Qf5 Qe7 30. Nxc6 bxc6 31. Qxa5 Qe4+ 32. Rhc2 Re8 33. Qxa3 Qxe3
34. Rxc6 Qd3+ 35. Ka1 Re2 36. Qa7 Qd2 37. Qf7+ 1-0

[Event "Championship Moscow 2019"]
[Site "Moscow]
[Date "2019.03.30"]
[Round "1.23"]
[White "Prokopchuk, Yury"]
[Black "Alekseev, Mikhail"]
[Result "1-0"]
[WhiteElo "2237"]
[BlackElo "1879"]
[PlyCount "53"]
[EventDate "2019.03.30"]

1. d4 Nf6 2. Bg5 Ne4 3. Bf4 d5 4. Nd2 Bf5 5. e3 e6 6. Bd3 Nxd2 7. Qxd2 Bxd3 8.
Qxd3 c6 9. Nf3 Bb4+ 10. c3 Bd6 11. Bg3 Qc7 12. O-O Nd7 13. c4 Bxg3 14. hxg3 Nf6
15. cxd5 exd5 16. b4 O-O 17. b5 Rfc8 18. Rfc1 Qb6 19. a4 a6 20. bxc6 Rxc6 21.
Ne5 Rc7 22. Rab1 Rxc1+ 23. Rxc1 Qb4 24. Qb1 Qe7 25. Qb6 Re8 26. Rb1 Nd7 27.
Qxb7 1-0

[Event "Championship Moscow 2019"]
[Site "Moscow]
[Date "2019.03.30"]
[Round "1.24"]
[White "Zurabian, Vage"]
[Black "Zenin, Dmitry"]
[Result "0-1"]
[WhiteElo "1842"]
[BlackElo "2236"]
[PlyCount "66"]
[EventDate "2019.03.30"]

1. e4 d6 2. d4 Nf6 3. Nc3 g6 4. f4 Bg7 5. h3 Nh5 6. Nge2 e5 7. Qd3 exd4 8. Nb5
Nc6 9. Bd2 a6 10. Na3 O-O 11. O-O-O Re8 12. Re1 b5 13. g4 Nf6 14. Bg2 Bb7 15.
Ng3 Nd7 16. h4 Nc5 17. Qf3 d3 18. c3 Na4 19. Qxd3 b4 20. Nb1 bxc3 21. Nxc3 Nc5
22. Qc4 a5 23. Nb5 Nb4 24. Bxb4 axb4 25. Rd1 Qf6 26. e5 dxe5 27. Bxb7 Nxb7 28.
Qxb4 exf4 29. Nc3 fxg3 30. Qxb7 Qf4+ 31. Kb1 Bxc3 32. Rhf1 Qc4 33. bxc3 Rab8
0-1

[Event "Championship Moscow 2019"]
[Site "Moscow]
[Date "2019.03.30"]
[Round "1.25"]
[White "Rozanov, Pavel B"]
[Black "Israfilov, Ali"]
[Result "1-0"]
[WhiteElo "2235"]
[BlackElo "1792"]
[PlyCount "50"]
[EventDate "2019.03.30"]

1. d4 Nf6 2. c4 g6 3. Nc3 d5 4. Nf3 Bg7 5. cxd5 Nxd5 6. e4 Nxc3 7. bxc3 c5 8.
Bb5+ Nc6 9. O-O O-O 10. d5 Qa5 11. Rb1 Ne5 12. Nxe5 Bxe5 13. Bh6 Rd8 14. Bd2
Bxc3 15. Bxc3 Qxc3 16. Rb3 Qa5 17. Qc2 a6 18. Be2 b6 19. h4 e6 20. h5 exd5 21.
exd5 Bf5 22. Qb2 b5 23. h6 f6 24. Qxf6 Qc7 25. Re3 Qd6 1-0

[Event "Championship Moscow 2019"]
[Site "Moscow]
[Date "2019.03.30"]
[Round "1.26"]
[White "Paldyaev, Vladislav"]
[Black "Makarenko, Aleksandr"]
[Result "1-0"]
[WhiteElo "1756"]
[BlackElo "2215"]
[PlyCount "131"]
[EventDate "2019.03.30"]

1. d4 Nf6 2. Nf3 g6 3. c4 Bg7 4. Nc3 d6 5. e4 O-O 6. h3 c6 7. Be3 a6 8. Be2 b5
9. a3 bxc4 10. Bxc4 d5 11. exd5 cxd5 12. Bd3 Nc6 13. O-O Bd7 14. b4 a5 15. b5
Na7 16. Rb1 Nc8 17. Na4 Nd6 18. Ne5 Rb8 19. Qe2 Nfe4 20. Rfc1 Qe8 21. Nxd7 Qxd7
22. Nc5 Qd8 23. a4 Re8 24. Bxe4 dxe4 25. Nb3 Nf5 26. Qd2 Qd7 27. Rc4 Ra8 28.
Rbc1 Qd5 29. Nxa5 Nxe3 30. fxe3 Bh6 31. Nc6 e5 32. Qc3 exd4 33. Rxd4 Qg5 34.
Re1 Bg7 35. Qb4 Bxd4 36. Qxd4 Re6 37. Kh1 Rae8 38. Qb4 Rf6 39. Qd2 Qg3 40. Rg1
Ree6 41. Qd8+ Kg7 42. Qd4 Kh6 43. Qc5 Rf2 44. Qf8+ Kh5 45. Qg7 h6 46. Qd4 f5
47. Qc3 Rd6 48. Nd4 Kh4 49. Qc5 Rd7 50. b6 Rb2 51. a5 f4 52. Qe5 Rf7 53. Qxe4
Rf6 54. Nf3+ Kh5 55. Qe5+ Rf5 56. Qxb2 fxe3 57. Qe2 Rf4 58. Qxe3 Rf5 59. Qe2
Rxa5 60. Ne5+ Kh4 61. Nxg6+ Qxg6 62. Qe1+ Qg3 63. Qxa5 h5 64. Qe1 Kg5 65. Qxg3+
Kh6 66. Re1 1-0

[Event "Championship Moscow 2019"]
[Site "Moscow]
[Date "2019.03.30"]
[Round "1.27"]
[White "Ageichenko, Genadi A"]
[Black "Grigoryev, Vladislav"]
[Result "1-0"]
[WhiteElo "2208"]
[BlackElo "1741"]
[PlyCount "117"]
[EventDate "2019.03.30"]

1. d4 Nf6 2. Nf3 e6 3. g3 c5 4. c4 cxd4 5. Nxd4 Nc6 6. Nc3 a6 7. Bg2 Bb4 8. O-O
O-O 9. Bf4 Nh5 10. Nxc6 bxc6 11. Bd6 Bxd6 12. Qxd6 Nf6 13. Rfd1 Qa5 14. a3 Ne8
15. Qe7 d5 16. e4 Qc7 17. Qc5 Bb7 18. Rac1 Rc8 19. b4 Qb8 20. Na4 Nf6 21. Nb6
Rcd8 22. cxd5 exd5 23. exd5 Nxd5 24. Nxd5 cxd5 25. Bxd5 Rc8 26. Qe3 Rce8 27.
Qf3 Bxd5 28. Rxd5 Re6 29. Rcd1 Qb6 30. Rf5 Qc7 31. Rc5 Qe7 32. Kg2 Re8 33. Rc6
g6 34. Rxe6 Qxe6 35. Rd5 Rc8 36. h4 h5 37. Qd3 Qc6 38. Qe4 Re8 39. Qf3 Kg7 40.
Rc5 Qxf3+ 41. Kxf3 Re6 42. Rc7 Kf6 43. Rb7 Rd6 44. Ke3 Ke6 45. a4 f6 46. Ke4
f5+ 47. Kf4 Kf6 48. a5 Rd4+ 49. Ke3 Re4+ 50. Kd3 Ke6 51. f3 Re1 52. Rb6+ Kd5
53. Rxa6 Rb1 54. Rb6 Rb3+ 55. Ke2 Kd4 56. a6 Rb2+ 57. Kd1 Ke3 58. b5 Kxf3 59.
a7 1-0

[Event "Championship Moscow 2019"]
[Site "Moscow]
[Date "2019.03.30"]
[Round "1.28"]
[White "Zverev, Lev"]
[Black "Chudinovskikh, Alexander M"]
[Result "1/2-1/2"]
[WhiteElo "1703"]
[BlackElo "2206"]
[PlyCount "106"]
[EventDate "2019.03.30"]

1. e4 d5 2. exd5 Nf6 3. d4 Nxd5 4. c4 Nb6 5. Nc3 e5 6. d5 Bc5 7. Ne4 Bb4+ 8.
Bd2 Bxd2+ 9. Qxd2 O-O 10. Nf3 f5 11. Nc3 N8d7 12. Be2 Qe7 13. O-O e4 14. Nd4
Ne5 15. b3 Bd7 16. f4 exf3 17. Nxf3 Ng4 18. Rfe1 f4 19. Qd4 Qe3+ 20. Qxe3 Nxe3
21. Nd4 c5 22. dxc6 bxc6 23. Nd1 Nf5 24. Nxf5 Bxf5 25. Nf2 Rad8 26. Red1 Rfe8
27. Bf3 c5 28. Rxd8 Rxd8 29. Rd1 Rxd1+ 30. Nxd1 Kf7 31. Nc3 Ke6 32. Be4 Nd7 33.
Kf2 Ne5 34. h3 g5 35. Bxf5+ Kxf5 36. Nb5 Ke4 37. Nxa7 Nd3+ 38. Kf1 Nc1 39. Nb5
Nxa2 40. Nd6+ Ke3 41. Nb7 Kd4 42. Nd8 Kc3 43. Ne6 Kxb3 44. Nxc5+ Kxc4 45. Ne6
h6 46. h4 Kd5 47. hxg5 Kxe6 48. gxh6 Kf6 49. Kf2 Nc3 50. Kf3 Nd5 51. g3 fxg3
52. Kxg3 Kg6 53. h7 Kxh7 1/2-1/2

[Event "Championship Moscow 2019"]
[Site "Moscow]
[Date "2019.03.30"]
[Round "1.29"]
[White "Yarygin, Maksim"]
[Black "Gerasimov, Vadim"]
[Result "1-0"]
[WhiteElo "2204"]
[BlackElo "1688"]
[PlyCount "77"]
[EventDate "2019.03.30"]

1. e4 c5 2. c4 Nc6 3. Nc3 g6 4. g3 Bg7 5. Bg2 e6 6. Nge2 d6 7. O-O Nge7 8. d3
O-O 9. Be3 Nd4 10. f4 Rb8 11. Kh1 a6 12. a4 Kh8 13. g4 f5 14. gxf5 exf5 15. Bg1
Nec6 16. Nxd4 Bxd4 17. Qd2 Bxg1 18. Rxg1 Be6 19. Rae1 Qf6 20. e5 dxe5 21. Bxc6
bxc6 22. Rxe5 Rfd8 23. Qe3 Bf7 24. Rg2 Qd6 25. Rd2 Qd4 26. Qxd4 Rxd4 27. Ne2
Rd6 28. Rxc5 Rb4 29. Rc2 Rxa4 30. d4 Rb4 31. Kg2 Kg7 32. Kf2 Kf6 33. Kf3 h6 34.
h4 g5 35. hxg5+ hxg5 36. fxg5+ Kxg5 37. Ng3 Bg6 38. Ne4+ Kh4 39. Nxd6 1-0

[Event "Championship Moscow 2019"]
[Site "Moscow]
[Date "2019.03.30"]
[Round "1.30"]
[White "Kireev, Igor"]
[Black "Teiitbaev, Aktilek"]
[Result "1-0"]
[WhiteElo "1673"]
[BlackElo "2193"]
[PlyCount "77"]
[EventDate "2019.03.30"]

1. e4 c5 2. Nf3 d6 3. d4 cxd4 4. Nxd4 Nf6 5. Nc3 a6 6. f3 e5 7. Nb3 Be6 8. Be3
Be7 9. Qd2 O-O 10. O-O-O a5 11. Bb5 Na6 12. g4 Nc7 13. Bb6 Qb8 14. g5 Nh5 15.
Nxa5 Rc8 16. Bc4 Bxc4 17. Nxc4 Ne6 18. Nxd6 Rc6 19. Nf5 Bb4 20. Qe3 Ra6 21. Nd5
Raxb6 22. Nxb4 Rxb4 23. Ne7+ Kf8 24. Nxc6 bxc6 25. Qa3 Kg8 26. h4 Nhf4 27. Rd7
g6 28. c3 Rb7 29. Rhd1 Ne2+ 30. Kb1 c5 31. R1d2 Rxd7 32. Rxd7 N2f4 33. Qa6 Qe8
34. Ra7 Kg7 35. Qd6 Nf8 36. Qf6+ Kg8 37. Re7 Nh5 38. Rxe8 Nxf6 39. gxf6 1-0

[Event "Championship Moscow 2019"]
[Site "Moscow]
[Date "2019.03.30"]
[Round "1.31"]
[White "Volodin, Viktor"]
[Black "Kudryaev, Ivan"]
[Result "1-0"]
[WhiteElo "2191"]
[BlackElo "1667"]
[PlyCount "77"]
[EventDate "2019.03.30"]

1. Nf3 c5 2. c4 Nc6 3. d4 cxd4 4. Nxd4 g6 5. e4 Bg7 6. Be3 Qa5+ 7. Nc3 Nf6 8.
f3 O-O 9. Be2 a6 10. Nb3 Qd8 11. O-O d6 12. Qd2 Be6 13. Nd5 Nd7 14. Nf4 Bh6 15.
Kh1 Bg7 16. Rac1 Rc8 17. Nxe6 fxe6 18. f4 Nf6 19. Bf3 a5 20. Rfd1 a4 21. Nd4
Nxd4 22. Bxd4 e5 23. fxe5 dxe5 24. Be3 Qxd2 25. Rxd2 b5 26. c5 Rc6 27. Kg1 h5
28. h3 Kh7 29. g4 h4 30. Kg2 Rfc8 31. g5 Nh5 32. Bxh5 gxh5 33. Rd7 R8c7 34.
Rxc7 Rxc7 35. c6 e6 36. Bb6 Rc8 37. c7 Bf8 38. Rd1 Be7 39. Rd7 1-0

[Event "Championship Moscow 2019"]
[Site "Moscow]
[Date "2019.03.30"]
[Round "1.32"]
[White "Akhmedov, David"]
[Black "Yakimenko, Alexander A"]
[Result "0-1"]
[WhiteElo "1657"]
[BlackElo "2185"]
[PlyCount "100"]
[EventDate "2019.03.30"]

1. e4 e5 2. Nf3 Nc6 3. Nc3 Nf6 4. d4 exd4 5. Nxd4 Bb4 6. Nxc6 bxc6 7. Bd3 d5 8.
exd5 cxd5 9. O-O O-O 10. Bg5 Be6 11. h3 Rb8 12. Qf3 Be7 13. b3 h6 14. Bh4 Rb4
15. Bg3 Nh7 16. Nb5 c6 17. Bxh7+ Kxh7 18. Qd3+ Kg8 19. Nd4 Bd7 20. Nf5 Bxf5 21.
Qxf5 Bf6 22. Rad1 Re8 23. c4 Rb7 24. Qg4 Qa5 25. cxd5 cxd5 26. Bf4 Qxa2 27.
Bxh6 Qxb3 28. Bg5 Bxg5 29. Qxg5 Rd7 30. Rd4 Re4 31. Rc1 Qb7 32. Rd3 d4 33. Rb3
Qd5 34. Rb8+ Kh7 35. Qg3 Qe5 36. Qb3 Re1+ 37. Rxe1 Qxe1+ 38. Kh2 Qe5+ 39. g3 d3
40. Rb4 g6 41. Rh4+ Kg7 42. Qc4 Qf6 43. Rf4 Qxf4 44. Qxf4 d2 45. Qe5+ f6 46.
Qe2 d1=Q 47. Qxd1 Rxd1 48. Kg2 a5 49. Kf3 a4 50. Ke2 Rd8 0-1

[Event "Championship Moscow 2019"]
[Site "Moscow]
[Date "2019.03.30"]
[Round "1.33"]
[White "Tarasov, Oleg"]
[Black "Volkov, Andreiy"]
[Result "1-0"]
[WhiteElo "2175"]
[BlackElo "1628"]
[PlyCount "61"]
[EventDate "2019.03.30"]

1. e4 c5 2. c3 Nf6 3. e5 Nd5 4. d4 cxd4 5. cxd4 e6 6. Nc3 Bb4 7. Bd2 O-O 8. Nf3
d6 9. a3 Bxc3 10. bxc3 dxe5 11. Nxe5 Nd7 12. Nxd7 Bxd7 13. c4 Nb6 14. Bb4 Re8
15. Be2 Bc6 16. O-O Rc8 17. Qd2 Qf6 18. Qe3 Red8 19. d5 Bd7 20. Bc5 Re8 21. d6
Bc6 22. Rad1 Nd7 23. Bxa7 e5 24. Bg4 Qg6 25. Qh3 Red8 26. Be3 Ba4 27. Bf5 Qxf5
28. Qxf5 Bxd1 29. Rxd1 Rxc4 30. Bg5 g6 31. Qh3 1-0

[Event "Championship Moscow 2019"]
[Site "Moscow]
[Date "2019.03.30"]
[Round "1.34"]
[White "Usov, Aleksandr E"]
[Black "Tunik, Sergey"]
[Result "1/2-1/2"]
[WhiteElo "1627"]
[BlackElo "2167"]
[PlyCount "129"]
[EventDate "2019.03.30"]

1. e4 e6 2. d4 d5 3. Nd2 dxe4 4. Nxe4 Nd7 5. Nf3 Ngf6 6. Nxf6+ Nxf6 7. Bg5 Be7
8. Bd3 O-O 9. O-O b6 10. c3 Bb7 11. Qe2 c5 12. dxc5 bxc5 13. Bxf6 Bxf6 14. Be4
Rb8 15. Bxb7 Rxb7 16. Rab1 Qa5 17. b4 cxb4 18. cxb4 Rxb4 19. Rxb4 Qxb4 20. Qa6
Qb6 21. Qxb6 axb6 22. Rb1 Ra8 23. Rxb6 h5 24. g3 Rxa2 25. h4 g6 26. Rd6 Kg7 27.
Rd2 Ra7 28. Kg2 Ra5 29. Re2 Rb5 30. Nd2 Rb2 31. Kf3 Be7 32. Nc4 Rb3+ 33. Re3
Rb5 34. Re5 Rb4 35. Ne3 Bd8 36. Rc5 Rb3 37. Rc8 Bf6 38. Ke2 Bd4 39. Nc2 Be5 40.
Rc5 Kf6 41. Kf1 Bb8 42. Ke2 Be5 43. Kf1 Bd6 44. Rc6 Ke7 45. Nd4 Rb4 46. Nc2 Re4
47. Rc3 e5 48. Ne3 Ke6 49. Rc4 Rxc4 50. Nxc4 Kd5 51. Ne3+ Ke4 52. Ke2 Bc5 53.
f3+ Kd4 54. g4 hxg4 55. fxg4 Ke4 56. Ng2 Be7 57. h5 gxh5 58. gxh5 Bg5 59. Ne1
f6 60. Nf3 Kf4 61. Nd2 Kg4 62. Nc4 Kxh5 63. Kf3 Bf4 64. Ke4 Kg6 65. Nd6 1/2-1/2

[Event "Championship Moscow 2019"]
[Site "Moscow]
[Date "2019.03.30"]
[Round "1.36"]
[White "Usov, Dmitry E"]
[Black "Kurdakov, Yuri"]
[Result "0-1"]
[WhiteElo "1032"]
[BlackElo "2144"]
[PlyCount "48"]
[EventDate "2019.03.30"]

1. e4 e6 2. d4 d5 3. Nd2 a6 4. c3 c5 5. Bd3 Nc6 6. Ngf3 Nf6 7. e5 Ng8 8. O-O
Bd7 9. dxc5 Bxc5 10. Nb3 Ba7 11. Bc2 Nge7 12. Qd3 Bb8 13. Bf4 Ng6 14. Be3 Ncxe5
15. Qe2 Bb5 16. Qd2 Nxf3+ 17. gxf3 Bxf1 18. Rxf1 Qc7 19. f4 Nxf4 20. Bb1 Ne2+
21. Kg2 Qxh2+ 22. Kf3 Qh5+ 23. Kg2 Qg4+ 24. Kh1 Qh3# 0-1

[Event "Championship Moscow 2019"]
[Site "Moscow]
[Date "2019.03.30"]
[Round "1.5"]
[White "Borisova, Ekaterina"]
[Black "Zvereva, Margarita"]
[Result "1-0"]
[WhiteElo "2255"]
[BlackElo "1853"]
[PlyCount "51"]
[EventDate "2019.03.30"]

1. d4 d5 2. c4 e6 3. Nf3 Nf6 4. g3 Bb4+ 5. Bd2 Be7 6. Bg2 O-O 7. O-O c6 8. Nc3
b6 9. Bf4 Ba6 10. cxd5 cxd5 11. Rc1 Nh5 12. Ne5 Nxf4 13. gxf4 Bf6 14. f5 Bxe5
15. dxe5 Bb7 16. Nb5 Na6 17. Nd6 Qe7 18. Qd4 Kh8 19. Rc3 Nc5 20. f6 gxf6 21.
Qh4 Rg8 22. Rh3 Rg7 23. exf6 Rxg2+ 24. Kxg2 Rg8+ 25. Kh1 d4+ 26. f3 1-0

[Event "Championship Moscow 2019"]
[Site "Moscow]
[Date "2019.03.30"]
[Round "1.6"]
[White "Seregina, Maria"]
[Black "Diakonova, Ekaterina"]
[Result "0-1"]
[WhiteElo "1853"]
[BlackElo "2239"]
[PlyCount "70"]
[EventDate "2019.03.30"]

1. f4 d5 2. Nf3 Nf6 3. g3 c5 4. Bg2 Nc6 5. d3 g6 6. c3 Bg7 7. O-O O-O 8. Qe1 b6
9. Na3 Ba6 10. Rb1 b5 11. b4 cxb4 12. cxb4 Qb6+ 13. Kh1 d4 14. e4 dxe3 15. Bxe3
Qd8 16. Rc1 Rc8 17. Ne5 Nxe5 18. Rxc8 Qxc8 19. fxe5 Ng4 20. Bf4 Qe6 21. d4 Qxa2
22. Bc1 Nh6 23. Rf2 Qb3 24. Rf3 Qe6 25. d5 Qd7 26. Rd3 Rc8 27. Qf1 Ng4 28. e6
fxe6 29. Bh3 exd5 30. Be3 d4 31. Bf4 Ne3 32. Qe2 Qxh3 33. Qd2 Rc2 34. Qc1 Bb7+
35. Kg1 Qg2# 0-1

[Event "Championship Moscow 2019"]
[Site "Moscow]
[Date "2019.03.30"]
[Round "1.7"]
[White "Utiatskaja, Irina"]
[Black "Zakharova, Anna"]
[Result "1-0"]
[WhiteElo "2214"]
[BlackElo "1820"]
[PlyCount "73"]
[EventDate "2019.03.30"]

1. e4 c5 2. Nf3 e6 3. d4 cxd4 4. Nxd4 Nf6 5. Nc3 Nc6 6. Ndb5 Bb4 7. a3 Bxc3+ 8.
Nxc3 d5 9. exd5 exd5 10. Bd3 O-O 11. O-O d4 12. Ne2 Bg4 13. Bg5 Qd6 14. f3 Bh5
15. Qd2 Rfe8 16. Rad1 Rad8 17. Bh4 Qe5 18. Bf2 Nd5 19. g4 Ne3 20. Bxe3 dxe3 21.
Qe1 Bg6 22. f4 Qxb2 23. f5 Qxa3 24. fxg6 hxg6 25. Bc4 Ne5 26. Bb3 Qc5 27. Rf4
g5 28. Rf5 g6 29. Rf6 Kg7 30. Rf1 Qc6 31. Nd4 Qe4 32. c3 Qxg4+ 33. Qg3 Qxg3+
34. hxg3 Rxd4 35. cxd4 e2 36. dxe5 exd1=Q 37. Rxd1 1-0

[Event "Championship Moscow 2019"]
[Site "Moscow]
[Date "2019.03.30"]
[Round "1.8"]
[White "Sayafarova, Anna"]
[Black "Dumcheva, Julia"]
[Result "0-1"]
[WhiteElo "1794"]
[BlackElo "2168"]
[PlyCount "146"]
[EventDate "2019.03.30"]

1. e4 e6 2. d4 d5 3. e5 c5 4. c3 Qb6 5. a3 a5 6. Bd3 Bd7 7. Nf3 Bb5 8. O-O Nc6
9. Bxb5 Qxb5 10. Qc2 a4 11. Be3 Nge7 12. Nbd2 cxd4 13. Nxd4 Nxd4 14. Bxd4 Nc6
15. f4 Bc5 16. Nf3 h6 17. Qf2 b6 18. Rad1 g6 19. h3 Na5 20. Nh2 O-O-O 21. Nf3
Nb3 22. Nd2 Nxd2 23. Rxd2 Kb7 24. Bxc5 bxc5 25. c4 Qxc4 26. Rc2 Qd4 27. Rxc5
Qxf2+ 28. Rxf2 Rc8 29. Rb5+ Ka6 30. Rb4 Rc1+ 31. Rf1 Rc4 32. Rxc4 dxc4 33. Rd1
Rb8 34. Rd4 Kb5 35. Kf2 Kc5 36. Rd2 Rb3 37. Ke2 h5 38. Kd1 Rd3 39. Kc2 Kd4 40.
Re2 h4 41. Re1 c3 42. bxc3+ Rxc3+ 43. Kb2 Rb3+ 44. Ka2 Re3 45. Rd1+ Ke4 46. Rd7
Kxf4 47. Rxf7+ Kxe5 48. Ra7 Re2+ 49. Kb1 Rxg2 50. Rxa4 Rg3 51. Rxh4 Rxa3 52.
Kc2 g5 53. Rh5 Kf4 54. Rh6 e5 55. Rf6+ Ke4 56. Rh6 Ra2+ 57. Kd1 Rh2 58. Rh8 Ke3
59. Rg8 e4 60. Rxg5 Rxh3 61. Rg8 Rh1+ 62. Kc2 Ke2 63. Rf8 e3 64. Rf7 Rh8 65.
Re7 Rc8+ 66. Kb2 Kd2 67. Rd7+ Ke1 68. Rh7 e2 69. Rf7 Rc5 70. Rf8 Kd2 71. Rd8+
Ke3 72. Re8+ Kd3 73. Rd8+ Ke4 0-1

[Event "Championship Moscow 2019"]
[Site "Moscow]
[Date "2019.03.30"]
[Round "1.9"]
[White "Korchagina, Alena"]
[Black "Kruglikova, Viktorija"]
[Result "1-0"]
[WhiteElo "2167"]
[BlackElo "1786"]
[PlyCount "127"]
[EventDate "2019.03.30"]

1. Nf3 Nf6 2. c4 e6 3. Nc3 b6 4. g3 Bb7 5. Bg2 Be7 6. O-O O-O 7. Re1 d5 8. d4
dxc4 9. Qa4 c5 10. Rd1 Qe8 11. Qxc4 cxd4 12. Nxd4 Bxg2 13. Kxg2 Qc8 14. Qa4
Qb7+ 15. f3 Na6 16. Qc6 Qxc6 17. Nxc6 Bc5 18. Na4 Nb4 19. Nxb4 Bxb4 20. Bg5
Rfc8 21. Bxf6 gxf6 22. Rd4 Be7 23. Nc3 f5 24. Rd3 Bf6 25. a4 Rc4 26. a5 Bxc3
27. bxc3 b5 28. a6 Kf8 29. Ra5 Rc5 30. Rd7 Ke8 31. Rb7 Rxc3 32. Raxb5 Rc6 33.
Ra5 Kf8 34. Kf2 Kg7 35. g4 f4 36. h4 h6 37. Rb4 Rb6 38. Rxf4 Rc8 39. Rfa4 Rc3
40. Ra3 Rc2 41. Ra2 Rc3 42. R5a3 Rcb3 43. Kg3 Kg6 44. Ra4 Rc3 45. h5+ Kg5 46.
Rd2 Rc7 47. Rd8 Kf6 48. Ra8 Rb2 49. e3 Rb3 50. Rg8 Rxe3 51. Rf4+ Ke7 52. Rg7
Kf8 53. Rh7 Ra3 54. Rxh6 Kg7 55. Rhf6 Rxa6 56. h6+ Kg8 57. Rd4 Rb6 58. g5 a5
59. Rd8+ Kh7 60. Ra8 Rb5 61. Kg4 Rb4+ 62. Kh5 Rb5 63. Rf8 Rbb7 64. R6xf7+ 1-0